[Event "Kandidatklassen"]
[Site "Hillerod"]
[Date "2010.03.30"]
[Round "1"]
[White "Carstensen, Jacob"]
[Black "Brondt, Nicolai Kvist"]
[Result "1/2-1/2"]
[WhiteElo "2317"]
[BlackElo "2056"]
[PlyCount "155"]
[EventDate "2010.03.30"]
[EventType "swiss"]
[EventRounds "7"]
[EventCountry "DEN"]
[Source "ChessBase"]
[SourceDate "2010.05.04"]

1. d4 d5 2. c4 c6 3. Nf3 Nf6 4. e3 Bf5 5. Nc3 e6 6. Nh4 Be4 7. f3 Bg6 8. g3 Be7
9. Qb3 Qc7 10. Bg2 Nbd7 11. cxd5 Nxd5 12. Nxg6 hxg6 13. f4 g5 14. e4 Nxc3 15.
bxc3 gxf4 16. Bxf4 e5 17. Bd2 Bf6 18. d5 Nc5 19. Qc4 Be7 20. O-O Rd8 21. Rxf7
cxd5 22. exd5 b5 23. Qf1 Qb6 24. Rxe7+ Kxe7 25. Bg5+ Ke8 26. Bxd8 Kxd8 27. Kh1
Qh6 28. h3 a6 29. Re1 Qf6 30. Qe2 Re8 31. Qe3 Qd6 32. Rf1 Kc7 33. a3 Re7 34. c4
bxc4 35. Rc1 e4 36. Rxc4 Kb6 37. Rd4 Re5 38. Kh2 Rxd5 39. Rxe4 Rd3 40. Rb4+ Kc7
41. Qg5 g6 42. Rc4 Kb6 43. Qg4 a5 44. a4 Rd2 45. Qf3 Rd3 46. Qf2 Rd2 47. Qf1
Qd5 48. Rf4 Nd3 49. Qb1+ Kc7 50. Rf7+ Kc8 51. Rf8+ Kd7 52. Qg1 Nc5 53. Qf1 Ne6
54. Rf2 Rxf2 55. Qxf2 Qd4 56. Qf7+ Kd6 57. Qxg6 Qxa4 58. Qd3+ Ke7 59. h4 Qd4
60. Qh7+ Kd6 61. Qb7 Qc5 62. Be4 Qf2+ 63. Kh3 Qf1+ 64. Kg4 Qe2+ 65. Kh3 Qf1+
66. Bg2 Qf5+ 67. Kh2 Ke5 68. Kg1 Kf6 69. Qb2+ Qe5 70. Qf2+ Kg7 71. Kh2 Nf8 72.
Bf3 Nh7 73. Kg2 Nf6 74. Qc2 Nd5 75. Qd3 Ne3+ 76. Kf2 Nf5 77. Bg4 Qxg3+ 78. Qxg3
1/2-1/2

[Event "Kandidatklassen"]
[Site "Hillerod"]
[Date "2010.04.05"]
[Round "7"]
[White "Carstensen, Jacob"]
[Black "Strange, Mikkel"]
[Result "1/2-1/2"]
[WhiteElo "2317"]
[BlackElo "2269"]
[PlyCount "106"]
[EventDate "2010.03.30"]
[EventType "swiss"]
[EventRounds "7"]
[EventCountry "DEN"]
[Source "ChessBase"]
[SourceDate "2010.05.04"]

1. d4 d5 2. c4 e6 3. Nf3 c5 4. cxd5 exd5 5. g3 Nc6 6. Bg2 Nf6 7. O-O Be7 8.
dxc5 Bxc5 9. Qc2 Bb6 10. Nc3 d4 11. Na4 O-O 12. Bg5 h6 13. Nxb6 axb6 14. Bd2
Re8 15. Rfe1 Bg4 16. Rad1 Rxe2 17. Rxe2 d3 18. Qc4 dxe2 19. Qxe2 Qd5 20. Bc3
Qf5 21. h3 Bxf3 22. Bxf3 Re8 23. Qd3 Qxh3 24. Bxf6 gxf6 25. Qb5 Re6 26. Qxb6
Ne5 27. Qxb7 Ng4 28. Bxg4 Qxg4 29. Rd8+ Kg7 30. Kg2 Re1 31. Qa8 Qc4 32. Rg8+
Kh7 33. Rh8+ Kg6 34. Qg8+ Kh5 35. g4+ Qxg4+ 36. Qxg4+ Kxg4 37. Rxh6 Re2 38. b3
Kg5 39. Rh1 Rxa2 40. Rb1 Kf4 41. b4 Ra6 42. b5 Rb6 43. Rb2 Ke4 44. Kg3 Kd5 45.
Kf4 Kc4 46. Kf5 Rxb5+ 47. Rxb5 Kxb5 48. Kxf6 Kc4 49. Ke5 Kd3 50. f4 Ke3 51. f5
Kf3 52. Kf6 Kg4 53. Kxf7 Kxf5 1/2-1/2

[Event "Kandidatklassen"]
[Site "Hillerod"]
[Date "2010.04.02"]
[Round "4"]
[White "Carstensen, Jacob"]
[Black "Nielsen, Nicholas Roland"]
[Result "1-0"]
[WhiteElo "2317"]
[BlackElo "2162"]
[PlyCount "67"]
[EventDate "2010.03.30"]
[EventType "swiss"]
[EventRounds "7"]
[EventCountry "DEN"]
[Source "ChessBase"]
[SourceDate "2010.05.04"]

1. d4 Nf6 2. c4 e6 3. Nf3 d5 4. g3 c5 5. cxd5 Nxd5 6. Bg2 Nc6 7. O-O cxd4 8.
Nxd4 Bd7 9. e4 Nc7 10. Nc3 e5 11. Nxc6 Bxc6 12. Qh5 Bd6 13. Bg5 Qb8 14. Rfd1
Ne6 15. Be3 g6 16. Qe2 O-O 17. Bh3 Ng7 18. Qc4 Kh8 19. Rd2 a5 20. Rad1 Bb4 21.
Bb6 Qe8 22. a3 Bxc3 23. Qxc3 f5 24. exf5 gxf5 25. Bc7 e4 26. Be5 Qe7 27. Bd6
Qg5 28. Bxf8 Rxf8 29. Qxa5 e3 30. Qc5 Re8 31. fxe3 h5 32. Qd4 Kh7 33. Qf4 Qf6
34. Rf2 1-0

[Event "Kandidatklassen"]
[Site "Hillerod"]
[Date "2010.04.03"]
[Round "5"]
[White "Carstensen, Jacob"]
[Black "Andersen, Ib Hother"]
[Result "1-0"]
[WhiteElo "2317"]
[BlackElo "2157"]
[PlyCount "69"]
[EventDate "2010.03.30"]
[EventType "swiss"]
[EventRounds "7"]
[EventCountry "DEN"]
[Source "ChessBase"]
[SourceDate "2010.05.04"]

1. d4 d5 2. c4 Nc6 3. Nc3 Nf6 4. cxd5 Nxd5 5. e4 Nxc3 6. bxc3 e5 7. d5 Nb8 8.
Bd3 Bd6 9. Ne2 Nd7 10. Ng3 Nc5 11. O-O O-O 12. f4 exf4 13. Bxf4 Bxf4 14. Rxf4
Qg5 15. Rf2 Qe3 16. Bc2 Qxc3 17. Rc1 Qe5 18. Qf3 Bd7 19. Rcf1 b6 20. Rd1 Rad8
21. Ne2 Rde8 22. Ng3 Bc8 23. Rfd2 Rd8 24. Rf2 a5 25. Ne2 Rde8 26. Nd4 Bd7 27.
Re2 g6 28. h3 Re7 29. Qe3 Rfe8 30. Nf3 Qg3 31. e5 Bxh3 32. Rd4 Bg4 33. Qg5 Rxe5
34. Rxe5 Rxe5 35. Qxe5 1-0

[Event "Kandidatklassen"]
[Site "Hillerod"]
[Date "2010.04.03"]
[Round "5"]
[White "Eriksson, Christian Altenburg"]
[Black "Furrer, Christian"]
[Result "1/2-1/2"]
[WhiteElo "2158"]
[BlackElo "2010"]
[PlyCount "139"]
[EventDate "2010.03.30"]
[EventType "swiss"]
[EventRounds "7"]
[EventCountry "DEN"]
[Source "ChessBase"]
[SourceDate "2010.05.04"]

1. e4 e6 2. d4 d5 3. Nc3 Bb4 4. e5 c5 5. a3 Bxc3+ 6. bxc3 Qa5 7. Bd2 Qa4 8. Qb1
c4 9. g3 Nc6 10. Bh3 Bd7 11. Ne2 O-O-O 12. O-O h6 13. Nf4 g6 14. Qb2 Nge7 15.
Rfb1 b6 16. Qc1 Kc7 17. Ng2 Rh7 18. Ra2 Rg8 19. Ne3 h5 20. Ng2 Nf5 21. Bg5 Qa5
22. Bxf5 exf5 23. Qe3 Nd8 24. Bf6 Ne6 25. h4 Rb8 26. Re1 Bc6 27. Rb1 Qa6 28.
Nf4 Qc8 29. Be7 Rb7 30. Bd6+ Kd8 31. a4 a6 32. Rab2 Nxf4 33. Qxf4 b5 34. Qg5+
Ke8 35. axb5 Bxb5 36. Bb4 Qe6 37. Rf1 Kd7 38. Kg2 Rb8 39. Bd6 Rg8 40. Bc5 Rc8
41. Ra1 Rb8 42. Bd6 Rb7 43. Qc1 Rh8 44. Qb1 Rc8 45. Qa2 f4 46. Qb1 fxg3 47.
fxg3 f5 48. Qc1 Qf7 49. Qg5 Ke6 50. Rf1 Rg8 51. Rf2 Qh7 52. Qf6+ Kd7 53. Bf8
Ke8 54. Bc5 Qf7 55. Re2 Qxf6 56. exf6+ Kf7 57. Re7+ Rxe7 58. fxe7 Rc8 59. Bb4
Rc6 60. Kf2 Re6 61. Bc5 Re4 62. Rb1 Re6 63. Kf3 Re4 64. Rf1 Ke8 65. Rf2 Kf7 66.
Re2 Rxe2 67. Kxe2 Kf6 68. Kf3 Ba4 69. Kf4 Bb5 70. Bb4 1/2-1/2

[Event "Kandidatklassen"]
[Site "Hillerod"]
[Date "2010.04.01"]
[Round "3"]
[White "Eriksson, Christian Altenburg"]
[Black "Carstensen, Jacob"]
[Result "0-1"]
[WhiteElo "2158"]
[BlackElo "2317"]
[PlyCount "116"]
[EventDate "2010.03.30"]
[EventType "swiss"]
[EventRounds "7"]
[EventCountry "DEN"]
[Source "ChessBase"]
[SourceDate "2010.05.04"]

1. e4 c5 2. c3 d5 3. exd5 Qxd5 4. d4 Nf6 5. Nf3 Nc6 6. Be3 Bg4 7. c4 Qd6 8. d5
Ne5 9. Nc3 Nxf3+ 10. gxf3 Bd7 11. Be2 b6 12. Qd2 g6 13. Bf4 e5 14. Qe3 Bg7 15.
Bxe5 Qe7 16. Bd6 Qxe3 17. fxe3 O-O-O 18. Kf2 Rhe8 19. Rae1 Nh5 20. Nd1 Ba4 21.
Bg3 Bxd1 22. Bxd1 Bxb2 23. Ba4 Rh8 24. Bh4 f6 25. Kg2 g5 26. Bf2 Be5 27. Bc2
Kc7 28. Bg3 Rde8 29. Ba4 Re7 30. Kf2 h6 31. Re2 Rhh7 32. Bc2 Rhg7 33. Rd1 Kd6
34. Bf5 Rg8 35. Bg4 Ng7 36. f4 gxf4 37. exf4 Bd4+ 38. Kf1 Rxe2 39. Kxe2 Re8+
40. Kf1 h5 41. Be2 Nf5 42. Bf2 Re4 43. Bxd4 cxd4 44. Rb1 Rxf4+ 45. Kg2 Re4 46.
Kf2 Ne3 47. Bxh5 Rh4 48. Be2 Rxh2+ 49. Kf3 Ke5 50. a4 Nf5 51. Re1 Rh3+ 52. Kf2
Ra3 53. Bd1+ Ne3 54. Kf3 Ra1 55. Ke2 Nxc4 56. Rh1 Ne3 57. Rh5+ f5 58. Bb3 Rb1
0-1

[Event "Kandidatklassen"]
[Site "Hillerod"]
[Date "2010.04.05"]
[Round "7"]
[White "Furrer, Christian"]
[Black "Ochsner, Bjorn Moller"]
[Result "1/2-1/2"]
[WhiteElo "2010"]
[BlackElo "2178"]
[PlyCount "187"]
[EventDate "2010.03.30"]
[EventType "swiss"]
[EventRounds "7"]
[EventCountry "DEN"]
[Source "ChessBase"]
[SourceDate "2010.05.04"]

1. d4 Nf6 2. c4 g6 3. g3 Bg7 4. Bg2 O-O 5. Nf3 d6 6. O-O Nbd7 7. Nc3 e5 8. e4
exd4 9. Nxd4 Re8 10. Re1 a6 11. h3 Rb8 12. Rb1 Ne5 13. b3 c5 14. Nc2 Nc6 15.
Be3 b5 16. cxb5 axb5 17. b4 Be6 18. e5 Nxe5 19. bxc5 dxc5 20. Rxb5 Rxb5 21.
Nxb5 Qa5 22. Nd6 Rd8 23. Bf4 Nc4 24. Nxc4 Bxc4 25. Qc1 Bxa2 26. Re3 Bd5 27. Ra3
Qb6 28. Be5 Bxg2 29. Kxg2 Qc6+ 30. f3 Nh5 31. Bxg7 Nxg7 32. Ne3 Ne6 33. Nc4 Qb5
34. Rc3 Nd4 35. Re3 Ra8 36. h4 Ra2+ 37. Kh3 Rc2 38. Qe1 Qd7+ 39. g4 Ne6 40. Re4
Qd3 41. Ne5 Qd2 42. Qxd2 Rxd2 43. Kg3 Kg7 44. g5 Rc2 45. Ra4 Re2 46. Ng4 Rd2
47. Ne5 Rd5 48. Ng4 Rd4 49. Ra8 c4 50. Rc8 Nd8 51. Ne5 h6 52. Rxc4 Rd5 53.
gxh6+ Kxh6 54. Rc8 Kg7 55. Ng4 Ne6 56. Rc4 Rd2 57. Ne3 Rd3 58. Ng4 Nd4 59. Ne5
Nf5+ 60. Kf4 Rd4+ 61. Rxd4 Nxd4 62. Nd3 Kh6 63. Ne5 Ne6+ 64. Kg3 f5 65. Nd7 Nd4
66. Nf6 Ne2+ 67. Kf2 Nc3 68. Kg3 Kg7 69. Nd7 Nd5 70. Ne5 Kh6 71. Nd3 Kh5 72. f4
Nc3 73. Ne5 Ne2+ 74. Kf3 Nd4+ 75. Kg3 Kh6 76. Nd3 Kg7 77. Ne5 Ne2+ 78. Kf3 Nc3
79. Kg3 Nd5 80. Nd3 Kf6 81. Ne5 Ne7 82. Nf3 Nc6 83. Kh3 Ne7 84. Kg3 Ke6 85. h5
gxh5 86. Kh4 Ng6+ 87. Kg5 Nxf4 88. Kxf4 h4 89. Nxh4 Kf6 90. Ng2 Kg6 91. Ne1 Kh5
92. Nd3 Kh4 93. Nc5 Kh3 94. Kxf5 1/2-1/2

[Event "Kandidatklassen"]
[Site "Hillerod"]
[Date "2010.03.31"]
[Round "2"]
[White "Furrer, Christian"]
[Black "Poulsen, Klaus E"]
[Result "0-1"]
[WhiteElo "2010"]
[BlackElo "2095"]
[PlyCount "50"]
[EventDate "2010.03.30"]
[EventType "swiss"]
[EventRounds "7"]
[EventCountry "DEN"]
[Source "ChessBase"]
[SourceDate "2010.05.04"]

1. d4 Nf6 2. c4 e5 3. dxe5 Ne4 4. Nf3 Nc6 5. a3 d6 6. exd6 Bxd6 7. Nbd2 Bf5 8.
e3 Qf6 9. Nxe4 Bxe4 10. Nd2 Bf5 11. g4 Bg6 12. Bg2 O-O-O 13. Bxc6 bxc6 14. Qf3
Be5 15. Qxf6 Bxf6 16. f4 Bd3 17. g5 Be7 18. b3 h6 19. Bb2 hxg5 20. O-O-O g4 21.
b4 Rh3 22. e4 Bh4 23. Nf1 Bxe4 24. Rg1 Rxd1+ 25. Kxd1 Bf3+ 0-1

[Event "Kandidatklassen"]
[Site "Hillerod"]
[Date "2010.04.04"]
[Round "6"]
[White "Furrer, Christian"]
[Black "Henriksen, Palle V"]
[Result "1/2-1/2"]
[WhiteElo "2010"]
[BlackElo "2236"]
[PlyCount "43"]
[EventDate "2010.03.30"]
[EventType "swiss"]
[EventRounds "7"]
[EventCountry "DEN"]
[Source "ChessBase"]
[SourceDate "2010.05.04"]

1. d4 Nf6 2. c4 e6 3. g3 c5 4. d5 exd5 5. cxd5 d6 6. Bg2 g6 7. Nc3 Bg7 8. Nf3
O-O 9. O-O a6 10. a4 Nbd7 11. Bf4 Qc7 12. e4 Re8 13. Re1 Rb8 14. a5 b5 15. axb6
Rxb6 16. Qc2 Ng4 17. h3 Nge5 18. Nd2 c4 19. Bf1 Nd3 20. Bxd3 cxd3 21. Qxd3 Nc5
22. Qc2 1/2-1/2

[Event "Kandidatklassen"]
[Site "Hillerod"]
[Date "2010.04.04"]
[Round "6"]
[White "Hagen, Andreas Skytte"]
[Black "Petersen, Steen"]
[Result "1-0"]
[WhiteElo "2342"]
[BlackElo "2154"]
[PlyCount "81"]
[EventDate "2010.03.30"]
[EventType "swiss"]
[EventRounds "7"]
[EventCountry "DEN"]
[Source "ChessBase"]
[SourceDate "2010.05.04"]

1. e4 e5 2. Nf3 Nc6 3. Bb5 a6 4. Ba4 Nf6 5. O-O Be7 6. Re1 b5 7. Bb3 d6 8. c3
O-O 9. h3 Bb7 10. d4 Re8 11. Nbd2 Bf8 12. d5 Nb8 13. Nf1 Nbd7 14. N3h2 g6 15.
Ng4 Nxg4 16. hxg4 Nf6 17. Ng3 Bc8 18. g5 Nd7 19. Be3 Be7 20. Qd2 f6 21. gxf6
Nxf6 22. f3 h5 23. a4 Bd7 24. axb5 axb5 25. Rxa8 Qxa8 26. Bg5 Qa7+ 27. Kh1 Rf8
28. Nf1 Rf7 29. Qe3 Qa8 30. Nh2 Rh7 31. Kg1 h4 32. f4 Ng4 33. Nxg4 Bxg5 34.
Nxe5 dxe5 35. fxg5 Kh8 36. Qf2 Qd8 37. Rf1 h3 38. d6 hxg2 39. Qf8+ Qxf8 40.
Rxf8+ Kg7 41. Rg8# 1-0

[Event "Kandidatklassen"]
[Site "Hillerod"]
[Date "2010.03.30"]
[Round "1"]
[White "Hagen, Andreas Skytte"]
[Black "Vovk, Oksana"]
[Result "1/2-1/2"]
[WhiteElo "2342"]
[BlackElo "2145"]
[PlyCount "173"]
[EventDate "2010.03.30"]
[EventType "swiss"]
[EventRounds "7"]
[EventCountry "DEN"]
[Source "ChessBase"]
[SourceDate "2010.05.04"]

1. e4 e6 2. d4 d5 3. Nc3 Nf6 4. e5 Nfd7 5. f4 c5 6. Nf3 Nc6 7. Be3 Be7 8. Qd2
a6 9. Be2 b5 10. a3 Bb7 11. O-O O-O 12. Nd1 Rc8 13. c3 Na5 14. Qe1 cxd4 15.
cxd4 Nc4 16. Bd3 f5 17. Kh1 Qa5 18. b4 Qb6 19. Nd2 Nxe3 20. Qxe3 a5 21. bxa5
Qxa5 22. Qe2 Bc6 23. Nb3 Qa4 24. Qb2 b4 25. axb4 Qxb4 26. Na5 Ba8 27. h3 Nb6
28. Rb1 Qxb2 29. Rxb2 Nc4 30. Ra2 Bb4 31. Nb3 Rc7 32. g4 g6 33. gxf5 gxf5 34.
Rg1+ Rg7 35. Rxg7+ Kxg7 36. Ra7+ Kg6 37. Nf2 Nd2 38. Nxd2 Bxd2 39. Re7 Bxf4 40.
Ng4 Kg5 41. Rg7+ Kh4 42. Kg2 h6 43. Rg6 Kh5 44. Rf6 Rxf6 45. Nxf6+ Kh4 46. Kf3
Bg5 47. Bb5 Bc1 48. Bd7 Bb2 49. Ke3 f4+ 50. Kxf4 Bxd4 51. Bxe6 Bb2 52. Bd7 Bb7
53. Ng8 Bc1+ 54. Kf3 d4+ 55. Ke2 Be4 56. Bb5 Kxh3 57. e6 d3+ 58. Bxd3 Bxd3+ 59.
Kxd3 Ba3 60. Nxh6 Kh4 61. Nf7 Kg4 62. Ke4 Bf8 63. Ke5 Be7 64. Ke4 Bf8 65. Ne5+
Kg5 66. Nd7 Be7 67. Ke5 Kg6 68. Nb6 Kg7 69. Nc8 Kf8 70. Nd6 Bd8 71. Nf5 Be7 72.
Kd5 Ke8 73. Kc6 Bf8 74. Kc7 Bc5 75. Kc6 Bf8 76. Kd5 Be7 77. Nd4 Bf6 78. Nc6 Be7
79. Ke5 Bh4 80. Kf5 Be7 81. Ne5 Bd6 82. Ng4 Be7 83. Ke5 Bh4 84. Nf6+ Bxf6+ 85.
Kxf6 Kf8 86. e7+ Ke8 87. Ke6 1/2-1/2

[Event "Kandidatklassen"]
[Site "Hillerod"]
[Date "2010.04.02"]
[Round "4"]
[White "Hagen, Andreas Skytte"]
[Black "Ostergaard, Jens"]
[Result "1/2-1/2"]
[WhiteElo "2342"]
[BlackElo "2257"]
[PlyCount "107"]
[EventDate "2010.03.30"]
[EventType "swiss"]
[EventRounds "7"]
[EventCountry "DEN"]
[Source "ChessBase"]
[SourceDate "2010.05.04"]

1. d4 Nf6 2. c4 e6 3. Nc3 c5 4. d5 exd5 5. cxd5 d6 6. e4 g6 7. f4 Bg7 8. Bb5+
Nfd7 9. a4 O-O 10. Nf3 Re8 11. O-O a6 12. Bd3 Nf8 13. h3 Nbd7 14. Re1 Qc7 15.
Be3 Rb8 16. Bf2 c4 17. Bc2 Nc5 18. e5 Bf5 19. Ne4 Bxe4 20. Bxe4 Nfd7 21. Rc1 b5
22. axb5 axb5 23. b3 f5 24. Bb1 cxb3 25. Qxb3 Qa5 26. Qd1 Ne4 27. Bxe4 fxe4 28.
Rxe4 b4 29. Qb3 Qa3 30. Qxa3 bxa3 31. Ra1 Rb3 32. Ra4 dxe5 33. fxe5 Nxe5 34.
R1xa3 Rb1+ 35. Kh2 Nxf3+ 36. Rxf3 Rd1 37. Ra7 Rxd5 38. Rff7 Be5+ 39. Bg3 Bd4
40. Rab7 h5 41. h4 Rf8 42. Rfe7 Bf6 43. Rec7 Rd4 44. Rc6 Re4 45. Kh3 Rg4 46.
Rbb6 Kg7 47. Rxf6 Rxg3+ 48. Kxg3 Rxf6 49. Rxf6 Kxf6 50. Kf4 Kf7 51. Kg5 Kg7 52.
g4 hxg4 53. Kxg4 Kh6 54. Kg3 1/2-1/2

[Event "Kandidatklassen"]
[Site "Hillerod"]
[Date "2010.04.01"]
[Round "3"]
[White "Hagen, Andreas Skytte"]
[Black "Ochsner, Bjorn Moller"]
[Result "1-0"]
[WhiteElo "2342"]
[BlackElo "2178"]
[PlyCount "71"]
[EventDate "2010.03.30"]
[EventType "swiss"]
[EventRounds "7"]
[EventCountry "DEN"]
[Source "ChessBase"]
[SourceDate "2010.05.04"]

1. d4 Nf6 2. c4 g6 3. Nc3 Bg7 4. e4 d6 5. Nf3 O-O 6. Be2 e5 7. O-O Na6 8. Be3
Ng4 9. Bg5 Qe8 10. Re1 exd4 11. Nd5 Kh8 12. Nxd4 Qxe4 13. Nb5 Qf5 14. Be7 Nxf2
15. Qb1 Re8 16. Qxf5 Bxf5 17. Kxf2 c6 18. Nxd6 cxd5 19. Nxe8 Rxe8 20. Ba3 Bd4+
21. Kf1 Be5 22. cxd5 Nc7 23. Rad1 Bd7 24. g3 Nb5 25. Bxb5 Bxb5+ 26. Kf2 a6 27.
Bc5 f6 28. Bd4 Kg8 29. Bxe5 fxe5 30. d6 Kf7 31. d7 Rd8 32. Rxe5 Rxd7 33. Rxd7+
Bxd7 34. Ke3 Kf6 35. Kd4 Bc6 36. Rc5 1-0

[Event "Kandidatklassen"]
[Site "Hillerod"]
[Date "2010.04.05"]
[Round "7"]
[White "Henriksen, Palle V"]
[Black "Boje, Tobias Rosholm"]
[Result "0-1"]
[WhiteElo "2236"]
[BlackElo "2015"]
[PlyCount "32"]
[EventDate "2010.03.30"]
[EventType "swiss"]
[EventRounds "7"]
[EventCountry "DEN"]
[Source "ChessBase"]
[SourceDate "2010.05.04"]

1. d4 d5 2. c4 e6 3. Nc3 Be7 4. Nf3 Nf6 5. Bg5 Nbd7 6. e3 O-O 7. Rc1 a6 8. Bd3
dxc4 9. Bxc4 b5 10. Bd3 c5 11. O-O Bb7 12. a3 Qb6 13. Ne4 cxd4 14. exd4 Rac8
15. Qe2 h6 16. Be3 Bxe4 0-1

[Event "Kandidatklassen"]
[Site "Hillerod"]
[Date "2010.04.02"]
[Round "4"]
[White "Henriksen, Palle V"]
[Black "Eriksson, Christian Altenburg"]
[Result "1/2-1/2"]
[WhiteElo "2236"]
[BlackElo "2158"]
[PlyCount "23"]
[EventDate "2010.03.30"]
[EventType "swiss"]
[EventRounds "7"]
[EventCountry "DEN"]
[Source "ChessBase"]
[SourceDate "2010.05.04"]

1. d4 d5 2. c4 c6 3. Nf3 Nf6 4. cxd5 cxd5 5. Nc3 Nc6 6. Bf4 Bf5 7. e3 e6 8. Bb5
Nd7 9. O-O Bb4 10. Rc1 O-O 11. a3 Be7 12. h3 1/2-1/2

[Event "Kandidatklassen"]
[Site "Hillerod"]
[Date "2010.03.31"]
[Round "2"]
[White "Henriksen, Palle V"]
[Black "Jorgensen, Kasper Moller"]
[Result "1/2-1/2"]
[WhiteElo "2236"]
[BlackElo "2003"]
[PlyCount "35"]
[EventDate "2010.03.30"]
[EventType "swiss"]
[EventRounds "7"]
[EventCountry "DEN"]
[Source "ChessBase"]
[SourceDate "2010.05.04"]

1. d4 Nf6 2. c4 e6 3. Nc3 Bb4 4. f3 c5 5. d5 O-O 6. e4 d6 7. Bd3 Ne8 8. Nge2 e5
9. O-O Bxc3 10. Nxc3 f5 11. exf5 Bxf5 12. Ne4 Qc8 13. Bg5 Rf7 14. Qc2 Nd7 15.
Bh4 Nf8 16. g4 Bg6 17. Bg3 Qd7 18. Kg2 1/2-1/2

[Event "Kandidatklassen"]
[Site "Hillerod"]
[Date "2010.03.31"]
[Round "2"]
[White "Jorgensen, Dennis"]
[Black "Pedersen, Christopher RNH"]
[Result "1-0"]
[WhiteElo "2197"]
[BlackElo "2098"]
[PlyCount "53"]
[EventDate "2010.03.30"]
[EventType "swiss"]
[EventRounds "7"]
[EventCountry "DEN"]
[Source "ChessBase"]
[SourceDate "2010.05.04"]

1. d4 d5 2. c4 e6 3. Nf3 Nf6 4. g3 dxc4 5. Bg2 Nc6 6. O-O Rb8 7. e3 b5 8. b3
cxb3 9. axb3 a6 10. Qe2 Rb6 11. Rd1 Bb7 12. e4 Nb4 13. Nc3 Qc8 14. Bg5 Be7 15.
Rac1 Rc6 16. Ne5 Rxc3 17. Rxc3 Nxe4 18. Bxe4 Bxg5 19. Qf3 Bxe4 20. Qxf7+ Kd8
21. Qxg7 Re8 22. Qxg5+ Re7 23. Qg8+ Re8 24. Qg7 Bg6 25. Rdc1 Re7 26. Qf8+ Be8
27. Rxc7 1-0

[Event "Kandidatklassen"]
[Site "Hillerod"]
[Date "2010.04.03"]
[Round "5"]
[White "Jorgensen, Dennis"]
[Black "Rostgaard, Tobias Valentin"]
[Result "1/2-1/2"]
[WhiteElo "2197"]
[BlackElo "2022"]
[PlyCount "51"]
[EventDate "2010.03.30"]
[EventType "swiss"]
[EventRounds "7"]
[EventCountry "DEN"]
[Source "ChessBase"]
[SourceDate "2010.05.04"]

1. d4 Nf6 2. Nf3 c5 3. e3 cxd4 4. exd4 d5 5. c4 Nc6 6. cxd5 Nxd5 7. Nc3 Bg4 8.
Qb3 Bxf3 9. gxf3 e6 10. Qxb7 Nxd4 11. Bb5+ Nxb5 12. Qc6+ Ke7 13. Qxb5 Qd7 14.
Bg5+ f6 15. Nxd5+ Qxd5 16. Qxd5 exd5 17. Be3 Ke6 18. Rc1 Bb4+ 19. Ke2 Rhc8 20.
Kd3 a5 21. Rxc8 Rxc8 22. Rc1 Rxc1 23. Bxc1 a4 24. Bd2 Bd6 25. h3 Kd7 26. b3
1/2-1/2

[Event "Kandidatklassen"]
[Site "Hillerod"]
[Date "2010.04.02"]
[Round "4"]
[White "Jorgensen, Dennis"]
[Black "Petersen, Steen"]
[Result "1/2-1/2"]
[WhiteElo "2197"]
[BlackElo "2154"]
[PlyCount "58"]
[EventDate "2010.03.30"]
[EventType "swiss"]
[EventRounds "7"]
[EventCountry "DEN"]
[Source "ChessBase"]
[SourceDate "2010.05.04"]

1. d4 d5 2. c4 Bf5 3. Nc3 e6 4. Nf3 c6 5. g3 Nf6 6. Bg2 Be7 7. O-O Nbd7 8. cxd5
exd5 9. Nh4 Bg4 10. Qc2 Nf8 11. Nf5 Bxf5 12. Qxf5 Ne6 13. e3 g6 14. Qc2 h5 15.
Rb1 a5 16. a3 h4 17. Qe2 Bd6 18. e4 Nxd4 19. Qd1 Bc5 20. exd5 hxg3 21. hxg3 Nf5
22. Qf3 Nh5 23. Re1+ Kf8 24. Bf4 Nxf4 25. Qxf4 Bd6 26. Qg4 c5 27. Ne4 Rh5 28.
Rbc1 b6 29. Qd1 Nd4 1/2-1/2

[Event "Kandidatklassen"]
[Site "Hillerod"]
[Date "2010.04.04"]
[Round "6"]
[White "Jorgensen, Kasper Moller"]
[Black "Schmidt, Tom"]
[Result "1/2-1/2"]
[WhiteElo "2003"]
[BlackElo "2086"]
[PlyCount "62"]
[EventDate "2010.03.30"]
[EventType "swiss"]
[EventRounds "7"]
[EventCountry "DEN"]
[Source "ChessBase"]
[SourceDate "2010.05.04"]

1. e4 c5 2. Nf3 d6 3. Bb5+ Bd7 4. Bxd7+ Qxd7 5. O-O e6 6. c3 Nf6 7. Qe2 Nc6 8.
d4 cxd4 9. cxd4 d5 10. e5 Ng8 11. Bd2 Nge7 12. Qd3 Nf5 13. g4 Nfe7 14. b4 h5
15. b5 Nb8 16. h3 hxg4 17. hxg4 Ng6 18. Nc3 Qd8 19. Kg2 Nh4+ 20. Nxh4 Qxh4 21.
Qg3 Nd7 22. Qxh4 Rxh4 23. Kg3 Rh8 24. Na4 Nb6 25. Nxb6 axb6 26. a4 Kd7 27. f4
g6 28. Rf2 Be7 29. Rh2 Rxh2 30. Kxh2 Rc8 31. Rc1 Ra8 1/2-1/2

[Event "Kandidatklassen"]
[Site "Hillerod"]
[Date "2010.04.01"]
[Round "3"]
[White "Jorgensen, Kasper Moller"]
[Black "Olsen, Peter Erik"]
[Result "1-0"]
[WhiteElo "2003"]
[BlackElo "2246"]
[PlyCount "45"]
[EventDate "2010.03.30"]
[EventType "swiss"]
[EventRounds "7"]
[EventCountry "DEN"]
[Source "ChessBase"]
[SourceDate "2010.05.04"]

1. e4 c6 2. d4 d5 3. Nd2 g6 4. c3 Bg7 5. Bd3 dxe4 6. Nxe4 Nd7 7. Qe2 Qc7 8. Nh3
Ngf6 9. Bf4 e5 10. dxe5 Nd5 11. Nd6+ Kf8 12. Bg3 Nc5 13. Ng5 Be6 14. O-O Qe7
15. f4 Rd8 16. Bh4 Qd7 17. Nxe6+ fxe6 18. Bxd8 Qxd8 19. Rad1 Bh6 20. Ne4 Nxe4
21. Bxe4 Qb6+ 22. Rf2 Ne7 23. Qc4 1-0

[Event "Kandidatklassen"]
[Site "Hillerod"]
[Date "2010.04.05"]
[Round "7"]
[White "Jorgensen, Kasper Moller"]
[Black "Rossen, Claus"]
[Result "1/2-1/2"]
[WhiteElo "2003"]
[BlackElo "2223"]
[PlyCount "48"]
[EventDate "2010.03.30"]
[EventType "swiss"]
[EventRounds "7"]
[EventCountry "DEN"]
[Source "ChessBase"]
[SourceDate "2010.05.04"]

1. e4 g6 2. d4 Bg7 3. Nf3 d6 4. Bc4 Nf6 5. Qe2 Nc6 6. O-O Bg4 7. c3 e5 8. Bb5
O-O 9. Bxc6 bxc6 10. dxe5 dxe5 11. b3 Ne8 12. Nbd2 Nd6 13. h3 Be6 14. Rd1 a5
15. c4 a4 16. Bb2 f6 17. Ne1 Qb8 18. Nd3 Rd8 19. Nc5 Bf7 20. Bc3 axb3 21. axb3
Qb6 22. Nd7 Qb7 23. Nc5 Qb6 24. Nd7 Qb7 1/2-1/2

[Event "Kandidatklassen"]
[Site "Hillerod"]
[Date "2010.03.31"]
[Round "2"]
[White "Molvig, Henrik"]
[Black "Rostgaard, Tobias Valentin"]
[Result "1/2-1/2"]
[WhiteElo "2195"]
[BlackElo "2022"]
[PlyCount "81"]
[EventDate "2010.03.30"]
[EventType "swiss"]
[EventRounds "7"]
[EventCountry "DEN"]
[Source "ChessBase"]
[SourceDate "2010.05.04"]

1. d4 Nf6 2. c4 c5 3. d5 b5 4. a4 bxc4 5. Nc3 Bb7 6. e4 d6 7. Bxc4 g6 8. f4 Bg7
9. Nf3 O-O 10. O-O Ba6 11. Bb5 Bxb5 12. axb5 Nbd7 13. Kh1 Nb6 14. Qe2 Ne8 15.
Bd2 e6 16. dxe6 fxe6 17. Na4 Nc7 18. e5 Nxa4 19. Rxa4 dxe5 20. fxe5 Qd5 21. Ba5
Qb3 22. Qc4 Qxc4 23. Rxc4 Nxb5 24. Rxc5 Nd4 25. Bc3 Nxf3 26. Rxf3 Rfc8 27. Ra5
Rd8 28. Kg1 Rd7 29. Ra6 Re8 30. Kf1 Rb7 31. Ke2 Ree7 32. Rd6 Re8 33. Ra6 Rd7
34. Rf4 g5 35. Rg4 h6 36. Rga4 Rd5 37. Re4 Re7 38. Rd6 Kf7 39. Ra6 Kg6 40. g4
Kf7 41. Re3 1/2-1/2